Name the 2020-21 Knicks Roster - Statistics

General Stats
  • This quiz has been taken 11 times
  • The average score is 8 of 19
Answer Stats
Position Name College % Correct
PF Julius Randle Kentucky
100%
C Mitchell Robinson Western Kentucky
91%
SG RJ Barrett Duke
82%
PG Elfrid Payton Louisiana
73%
C Nerlens Noel Kentucky
73%
PG Derrick Rose Memphis
64%
PF Obi Toppin Dayton
64%
SG Alec Burks Colorado
55%
PG Immanuel Quickley Kentucky
55%
SF Reggie Bullock UNC
55%
C Taj Gibson USC
36%
PG Frank Ntilikina Belgium
27%
SF Kevin Knox Kentucky
27%
PG Dennis Smith NC State
18%
SG Austin Rivers Duke
9%
SF Ignas Brazdeikis Michigan
0%
PG Jared Harper Auburn
0%
C Norvel Pelle Antigua & Barbuda
0%
SG Theo Pinson UNC
0%
No matching quizzes found
Score Distribution
Percent of People with Each Score
Percentile by Number Answered
Your Score History
You have not taken this quiz